| 000 | 00571nam a22001817a 4500 | ||
|---|---|---|---|
| 005 | 20170726141613.0 | ||
| 010 | _aENG-119436 | ||
| 020 |
_a9788190891639 _c250.00 |
||
| 035 | _aEN-102968 | ||
| 037 | _bDBAD/PUB | ||
| 082 | _a338.17471309452 | ||
| 100 | _aKour, Kiran | ||
| 245 |
_aThe blackberry ; _cby Kiran kour _bAn underutilized himalyan fruit / |
||
| 260 |
_aJammu _bYak Publishing Channel _c2013 |
||
| 270 |
_aPost Box No .130, Wadha Vehra _bJammu _e180 001 |
||
| 300 |
_avii, 55p. ; _bill. _c22cm (Hb) |
||
| 942 |
_2ddc _cEN _h338.17471309452 _mKOU |
||
| 999 |
_c142869 _d142869 |
||